<?xml version="1.0" encoding="UTF-8"?>
<record
    xmlns:xsi="http://www.w3.org/2001/XMLSchema-instance"
    xsi:schemaLocation="http://www.loc.gov/MARC21/slim http://www.loc.gov/standards/marcxml/schema/MARC21slim.xsd"
    xmlns="http://www.loc.gov/MARC21/slim">

  <leader>00974na  a2200277   4500</leader>
  <controlfield tag="001">23817</controlfield>
  <controlfield tag="003">MIRAKIL</controlfield>
  <controlfield tag="005">20181213155319.0</controlfield>
  <controlfield tag="008">171227b        tu            000 0      </controlfield>
  <datafield tag="020" ind1=" " ind2=" ">
    <subfield code="a">9755124136</subfield>
  </datafield>
  <datafield tag="040" ind1=" " ind2=" ">
    <subfield code="a">Milas</subfield>
    <subfield code="b">tur</subfield>
    <subfield code="c">TR-AnCHP</subfield>
  </datafield>
  <datafield tag="041" ind1=" " ind2=" ">
    <subfield code="a">tur</subfield>
  </datafield>
  <datafield tag="082" ind1=" " ind2=" ">
    <subfield code="a">346.63092026</subfield>
    <subfield code="b">&#x130;77e 1999</subfield>
  </datafield>
  <datafield tag="090" ind1=" " ind2=" ">
    <subfield code="a">346.63092026 &#x130;77e 1999</subfield>
  </datafield>
  <datafield tag="110" ind1=" " ind2=" ">
    <subfield code="a">&#x130;stanbul Ticaret Odas&#x131; (&#x130;TO)</subfield>
  </datafield>
  <datafield tag="245" ind1=" " ind2=" ">
    <subfield code="a">Sorularla Etyopya yabanc&#x131; sermaye mevzuat&#x131;</subfield>
    <subfield code="c">haz&#x131;rlayan Cem Akg&#xFC;n</subfield>
  </datafield>
  <datafield tag="260" ind1=" " ind2=" ">
    <subfield code="a">&#x130;stanbul</subfield>
    <subfield code="b">&#x130;stanbul Ticaret Odas&#x131; (&#x130;TO)</subfield>
    <subfield code="c">1999</subfield>
    <subfield code="f">Su Matbaac&#x131;l&#x131;k</subfield>
  </datafield>
  <datafield tag="300" ind1=" " ind2=" ">
    <subfield code="a">45 s.</subfield>
    <subfield code="b">hrt. , tbl.</subfield>
    <subfield code="c">19 sm.</subfield>
  </datafield>
  <datafield tag="440" ind1=" " ind2=" ">
    <subfield code="a">&#x130;stanbul Ticaret Odas&#x131; </subfield>
    <subfield code="v">yay&#x131;n no: 1999-72</subfield>
  </datafield>
  <datafield tag="490" ind1=" " ind2=" ">
    <subfield code="a">T&#xFC;rk giri&#x15F;imcileri i&#xE7;in yurtd&#x131;&#x15F;&#x131; yat&#x131;r&#x131;mlar rehberi dizisi </subfield>
    <subfield code="v">17</subfield>
  </datafield>
  <datafield tag="650" ind1=" " ind2=" ">
    <subfield code="a">T&#xFC;rk giri&#x15F;imciler</subfield>
    <subfield code="z">Etyopya</subfield>
  </datafield>
  <datafield tag="650" ind1=" " ind2=" ">
    <subfield code="a">Yabanc&#x131; Sermaye</subfield>
    <subfield code="x">Hukuk ve mevzuat</subfield>
    <subfield code="z">Etyopya</subfield>
  </datafield>
  <datafield tag="650" ind1=" " ind2=" ">
    <subfield code="a">Yabanc&#x131; Sermaye</subfield>
    <subfield code="x">Hukuk ve mevzuat</subfield>
    <subfield code="z">T&#xFC;rkiye</subfield>
  </datafield>
  <datafield tag="700" ind1=" " ind2=" ">
    <subfield code="a">Akg&#xFC;n, Cem</subfield>
    <subfield code="e">haz.</subfield>
  </datafield>
  <datafield tag="942" ind1=" " ind2=" ">
    <subfield code="2">ddc</subfield>
    <subfield code="c">BKS</subfield>
  </datafield>
  <datafield tag="952" ind1=" " ind2=" ">
    <subfield code="a">0001</subfield>
    <subfield code="b">0001</subfield>
    <subfield code="d">2017-12-27</subfield>
    <subfield code="e">2</subfield>
    <subfield code="l">0</subfield>
    <subfield code="o">346.63092026 &#x130;77e 1999</subfield>
    <subfield code="p">017794</subfield>
    <subfield code="r">2017-12-27 00:00:00</subfield>
    <subfield code="v">0.00</subfield>
    <subfield code="w">2017-12-27</subfield>
    <subfield code="y">BKS</subfield>
  </datafield>
  <datafield tag="999" ind1=" " ind2=" ">
    <subfield code="c">10387</subfield>
    <subfield code="d">10387</subfield>
  </datafield>
</record>
